Comuni dell'Abruzzo - Statistics

Statistiche generali
  • Questo quiz è stato fatto 8 volte
  • Il punteggio medio è 36 su 305
Statistiche sulle risposte
Provincia Comune % Corretto
Chieti
86%
L'Aquila
86%
Pescara
86%
Teramo
86%
Bussi sul Tirino
57%
Montesilvano
57%
Penne
57%
Popoli
57%
Sulmona
57%
Vasto
57%
Aielli
43%
Atessa
43%
Bomba
43%
Bucchianico
43%
Castiglione Messer Marino
43%
Francavilla al Mare
43%
Giulianova
43%
Lanciano
43%
Manoppello
43%
Ortona
43%
Pescasseroli
43%
Pescocostanzo
43%
Roseto degli Abruzzi
43%
Scanno
43%
Pescara Abbateggio
29%
Alanno
29%
Teramo Alba Adriatica
29%
Ari
29%
Avezzano
29%
Barrea
29%
Bugnara
29%
Capestrano
29%
Caramanico Terme
29%
Carunchio
29%
Castiglione Messer Raimondo
29%
Castilenti
29%
Celano
29%
Cepagatti
29%
Città Sant'Angelo
29%
Cugnoli
29%
Dogliola
29%
Elice
29%
Fara San Martino
29%
Fossa
29%
Fossacesia
29%
Gessopalena
29%
Guardiagrele
29%
Introdacqua
29%
Isola del Gran Sasso d'Italia
29%
Lecce dei Marsi
29%
Lettomanoppello
29%
Luco dei Marsi
29%
Martinsicuro
29%
Montorio al Vomano
29%
Navelli
29%
Opi
29%
Pacentro
29%
Palena
29%
Pineto
29%
San Salvo
29%
San Valentino in Abruzzo Citeriore
29%
San Vito Chietino
29%
Secinaro
29%
Silvi
29%
Torre de' Passeri
29%
Tortoreto
29%
Villetta Barrea
29%
L'Aquila Acciano
14%
Chieti Altino
14%
Archi
14%
Arielli
14%
Arsita
14%
Atri
14%
Barisciano
14%
Basciano
14%
Bellante
14%
Borrello
14%
Campo di Giove
14%
Campotosto
14%
Canosa Sannita
14%
Cansano
14%
Capistrello
14%
Capitignano
14%
Cappelle sul Tavo
14%
Carsoli
14%
Casacanditella
14%
Casalanguida
14%
Casalbordino
14%
Casalincontrada
14%
Casoli
14%
Castel del Monte
14%
Castel di Sangro
14%
Castelguidone
14%
Castelvecchio Calvisio
14%
Castelvecchio Subequo
14%
Celenza sul Trigno
14%
Civitaquana
14%
Civitella del Tronto
14%
Civitella Messer Raimondo
14%
Cocullo
14%
Collecorvino
14%
Corvara
14%
Cupello
14%
Fara Filiorum Petri
14%
Farindola
14%
Fresagrandinaria
14%
Furci
14%
Gissi
14%
Goriano Sicoli
14%
Lettopalena
14%
Loreto Aprutino
14%
Lucoli
14%
Magliano de' Marsi
14%
Mosciano Sant'Angelo
14%
Moscufo
14%
Mozzagrogna
14%
Ortona dei Marsi
14%
Ovindoli
14%
Pescina
14%
Raiano
14%
Rapino
14%
Roccamorice
14%
Roccaraso
14%
Roccascalegna
14%
Roccaspinalveti
14%
Rosciano
14%
San Benedetto in Perillis
14%
San Buono
14%
San Pio delle Camere
14%
Sant'Eufemia a Maiella
14%
Sant'Omero
14%
Santo Stefano di Sessanio
14%
Scerni
14%
Spoltore
14%
Tagliacozzo
14%
Tollo
14%
Torino di Sangro
14%
Torrebruna
14%
Torricella Peligna
14%
Turrivalignani
14%
Villa Santa Maria
14%
Alfadena
0%
Ancarano
0%
Anversa degli Abruzzi
0%
Ateleta
0%
Barete
0%
Bisegna
0%
Bisenti
0%
Bolognano
0%
Bolsorano
0%
Brittoli
0%
Cagnano Amiterno
0%
Calascio
0%
Campli
0%
Canistro
0%
Canzano
0%
Caporciano
0%
Cappadocia
0%
Carapelle Calvisio
0%
Carpineto della Nora
0%
Carpineto Sinello
0%
Castel Castagna
0%
Castel di Ieri
0%
Castel Frentano
0%
Castellafiume
0%
Castellalto
0%
Castelli
0%
Castiglione a Casauria
0%
Catignano
0%
Cellino Attanasio
0%
Cerchio
0%
Cermignano
0%
Civita d'Antino
0%
Civitaluparella
0%
Civitella Alfadena
0%
Civitella Casanova
0%
Civitella Rovereto
0%
Collarmele
0%
Colledara
0%
Colledimacine
0%
Colledimezzo
0%
Collelongo
0%
Collepietro
0%
Colonnella
0%
Controguerra
0%
Corfinio
0%
Corropoli
0%
Cortino
0%
Crecchio
0%
Crognaleto
0%
Fagnano Alto
0%
Fallo
0%
Fano Adriano
0%
Filetto
0%
Fontecchio
0%
Fraine
0%
Frisa
0%
Gagliano Aterno
0%
Gamberale
0%
Gioia dei Marsi
0%
Giuliano Teatino
0%
Guilmi
0%
Lama dei Peligni
0%
Lentella
0%
Liscia
0%
Mantebello di Bertona
0%
Massa d'Albe
0%
Miglianico
0%
Molina Aterno
0%
Montazzoli
0%
Montebello sul Sangro
0%
Monteferrante
0%
Montefino
0%
Montelapiano
0%
Montenerodomo
0%
Monteodorisio
0%
Montereale
0%
Morino
0%
Morro d'Oro
0%
Nereto
0%
Nocciano
0%
Notaresco
0%
Ocre
0%
Ofena
0%
Oricola
0%
Orsogna
0%
Ortucchio
0%
Paglieta
0%
Palmoli
0%
Palombaro
0%
Pennadomo
0%
Pennapiedimonte
0%
Penna Sant'Andrea
0%
Perano
0%
Pereto
0%
Pescosansonesco
0%
Pettorano sul Gizio
0%
Pianella
0%
Picciano
0%
Pietracamela
0%
Pietraferrazzana
0%
Pietranico
0%
Pizzoferrato
0%
Pizzoli
0%
Poggiofiorito
0%
Poggio Picenze
0%
Pollutri
0%
Prata d'Ansidonia
0%
Pratola Peligna
0%
Pretoro
0%
Prezza
0%
Quadri
0%
Ripa Teatina
0%
Roccacasale
0%
Rocca di Botte
0%
Rocca di Cambio
0%
Rocca di Mezzo
0%
Roccamontepiano
0%
Rocca Pia
0%
Rocca San Giovanni
0%
Rocca Santa Maria
0%
Roio del Sangro
0%
Rosello
0%
Rovisondoli
0%
Salle
0%
San Benedetto dei Marsi
0%
San Demetrio ne' Vestini
0%
San Giovanni Lipioni
0%
San Giovanni Teatino
0%
San Martino sulla Marruccina
0%
Santa Maria Imbaro
0%
Sant'Egidio alla Vibrata
0%
Sante Marie
0%
Sant'Eusanio del Sangro
0%
Sant'Eusanio Forconese
0%
San Vincenco Valle Roveto
0%
Scafa
0%
Schiavi di Abruzzo
0%
Scontrone
0%
Scoppito
0%
Scurcola Marsicana
0%
Serrramonacesca
0%
Taranta Peligna
0%
Tione degli Abruzzi
0%
Tocco da Casauria
0%
Torano Nuovo
0%
Tornareccio
0%
L'Aquila Tornimparte
0%
Torrevecchia Teatina
0%
Torricella Sicura
0%
Tossicia
0%
Trasacco
0%
Treglio
0%
Tufillo
0%
Vacri
0%
Valle Castellana
0%
Vicoli
0%
Villa Celiera
0%
Villalago
0%
Chieti Villalfonsina
0%
Villamagna
0%
Villa Santa Lucia degli Abruzzi
0%
Villa Sant'Angelo
0%
Villavallelonga
0%
Vittorito
0%
Nessun quiz corrispondente trovato
Distribuzione punteggi
Percentuale di utenti per punteggio
Percentile per numero di risposta
I tuoi punteggi nel tempo
Non hai fatto questo quiz